00572nam a2200193 a 450000100100000000500170001000800410002704000250006808200190009310000320011224500780014426000490022230000210027149000100029265000120030265000250031470000290033983000100036800001394320260521134322.0091202s1986 dr 000 e spa d aDO-SdBNPbspacBNPHU aA864.44bC758h1 aConstanzó, Carlos Marcelo13aLa historia de un tiempo /cCarlos Marcelo Constazó; Cándido Gerón. aSanto Domingo :bBiblioteca Nacional,c1986. a168 p. ;c21 cm.1 aOrfeo 0aEnsayos 4aLiteratura argentina1 aGerón, Candido,d1948- 0aOrfeo